[Event "4NCL Online Division 5"]
[Site "online"]
[Date "2021.03.09"]
[EventDate "2021.03.09"]
[Round "4.153"]
[White "Maydew, Simon"]
[WhiteElo "1743"]
[WhiteTeam "Shropshire 4"]
[Black "Suyash Srikanta Prasad"]
[BlackElo "1347"]
[BlackTeam "Uxbridge Destroyers"]
[Result "1/2-1/2"]
[PlyCount "117"]

1. d4 d5 2. Nf3 c5 3. dxc5 e6 4. e4 Bxc5 5. exd5 exd5 6. Bb5+ Nc6 7. O-O Be6 8. c3 a6 9. Ba4 b5 10. Bc2 Nf6 11. Nbd2 O-O 12. Nb3 Bb6 13. Bg5 h6 14. Bh4 Qe7 15. Nbd4 Nxd4 16. Nxd4 Bxd4 17. Qxd4 Rfc8 18. Bxf6 Qxf6 19. Qxf6 gxf6 20. Bb3 Rd8 21. Rad1 Rd7 22. Rd4 Kh7 23. Rfd1 Rad8 24. f3 Kg6 25. Kf2 h5 26. R1d2 Kg5 27. f4+ Kg6 28. h3 f5 29. h4 Kf6 30. Bd1 Kg6 31. Bf3 Rd6 32. R2d3 R6d7 33. Be2 Rd6 34. Rg3+ Kf6 35. Rg5 Rh8 36. Rxh5 Rxh5 37. Bxh5 Rd8 38. Bf3 Ke7 39. g3 f6 40. Ke3 Kd6 41. Be2 Rg8 42. Kf2 Kc5 43. a4 Bd7 44. axb5 Bxb5 45. Bf3 Bc6 46. b4+ Kd6 47. c4 Rb8 48. cxd5 Bb5 49. Kg2 Rc8 50. Kh3 Bf1+ 51. Bg2 Be2 52. Rd2 Bg4+ 53. Kh2 Rc3 54. Ra2 Rb3 55. Rxa6+ Kd7 56. Ra7+ Kd6 57. Ra6+ Kd7 58. Ra7+ Kd6 59. Ra6+ 1/2-1/2

[Event "4NCL Online Division 5"]
[Site "online"]
[Date "2021.03.09"]
[EventDate "2021.03.09"]
[Round "4.154"]
[White "Hasan, Abu"]
[WhiteElo "1376"]
[WhiteTeam "Uxbridge Destroyers"]
[Black "Walker, Kate"]
[BlackElo "1677"]
[BlackTeam "Shropshire 4"]
[Result "0-1"]
[PlyCount "122"]

1. e4 c6 2. Nf3 d5 3. exd5 cxd5 4. c4 d4 5. c5 Nc6 6. Bc4 e6 7. O-O Bxc5 8. a3 Nf6 9. b4 Bb6 10. d3 O-O 11. Bg5 Bc7 12. Nbd2 Ne5 13. Nxe5 Bxe5 14. f4 Bd6 15. Ne4 Be7 16. Qf3 Nxe4 17. dxe4 Bxg5 18. fxg5 Qxg5 19. Bd3 e5 20. Qg3 Qxg3 21. hxg3 Be6 22. Kf2 Rac8 23. Rh1 Rc3 24. Ke2 Bc4 25. Rhd1 Bxd3+ 26. Rxd3 Rxd3 27. Kxd3 Rc8 28. b5 f6 29. a4 Rc3+ 30. Ke2 Re3+ 31. Kf2 Rc3 32. g4 Kf7 33. g3 Kg6 34. a5 Kg5 35. Rh1 h6 36. Rh5+ Kxg4 37. Rh4+ Kg5 38. Rh3 Ra3 39. Rh4 Rxa5 40. Kf3 Ra3+ 41. Kg2 Rb3 42. Kh3 Kg6 43. Rg4+ Kf7 44. Kh4 Rxb5 45. Kh5 a5 46. Rg6 a4 47. g4 a3 48. g5 hxg5 49. Rxg5 fxg5 50. Kxg5 a2 51. Kf5 a1=Q 52. Kg5 Rb6 53. Kf5 Qf1+ 54. Kxe5 Qf6+ 55. Kd5 Qe6+ 56. Kc5 Rc6+ 57. Kxd4 Qc4+ 58. Ke5 Re6+ 59. Kf4 Qxe4+ 60. Kg3 Qf5 61. Kg2 Rg6+ 0-1

[Event "4NCL Online Division 5"]
[Site "online"]
[Date "2021.03.09"]
[EventDate "2021.03.09"]
[Round "4.161"]
[White "Sagar, Aneesh"]
[WhiteElo "1516"]
[WhiteTeam "Kent KJCA Kestrels E"]
[Black "Pert, Nina"]
[BlackElo "1859"]
[BlackTeam "Brentwood B"]
[Result "0-1"]
[PlyCount "76"]

1. e4 c6 2. d4 d5 3. e5 Bf5 4. Nf3 e6 5. Bd3 Bg6 6. Be3 c5 7. c3 Nc6 8. O-O Nge7 9. dxc5 Nf5 10. Bd4 Be7 11. Bb5 Rc8 12. b4 O-O 13. a3 Bh5 14. Bxc6 Rxc6 15. h3 Bg6 16. Nbd2 Rc8 17. Nb3 f6 18. Re1 Qd7 19. exf6 gxf6 20. Qe2 e5 21. Be3 Kh8 22. Rad1 Rg8 23. Kh1 e4 24. Nfd4 Nh4 25. Bf4 Nxg2 26. Bg3 Qxh3+ 27. Kg1 Nxe1 28. Rxe1 Bh5 29. Qe3 Rg5 30. Nd2 Rcg8 31. Nf1 Bf7 32. c6 Rh5 33. Nh2 Qxh2+ 34. Kf1 Qh3+ 35. Ke2 bxc6 36. Nxc6 Bd8 37. Qb6 Bxb6 38. Ne7 Rxg3 0-1

[Event "4NCL Online Division 5"]
[Site "online"]
[Date "2021.03.09"]
[EventDate "2021.03.09"]
[Round "4.162"]
[White "Molostvov, Dmitry M"]
[WhiteElo "1749"]
[WhiteTeam "Brentwood B"]
[Black "Wang, Yong Gui"]
[BlackElo "1535"]
[BlackTeam "Kent KJCA Kestrels E"]
[Result "1-0"]
[PlyCount "105"]

1. d4 Nf6 2. c4 d5 3. cxd5 Nxd5 4. e4 Nf6 5. Nc3 g6 6. Nf3 Bg7 7. e5 Nd5 8. Bc4 Nxc3 9. bxc3 O-O 10. O-O Nc6 11. Be3 Bf5 12. Qd2 Bg4 13. Be2 Qd7 14. Bh6 Rad8 15. Bxg7 Kxg7 16. Qe3 h5 17. h3 Bf5 18. Nh4 Be6 19. f4 f5 20. Qg3 Bf7 21. Bxh5 Qe6 22. Qg5 Rh8 23. g4 Kh7 24. gxf5 gxf5 25. Bxf7 Qxf7 26. Qxf5+ Qxf5 27. Nxf5 Kg6 28. Ng3 Rxh3 29. Kg2 Rh4 30. Kf3 Rh7 31. Rh1 Rf7 32. Rag1 Rdf8 33. Ne4+ Kf5 34. Rh5+ Ke6 35. Ng5+ Kd5 36. Nxf7 Rxf7 37. Rg6 Kc4 38. e6 Rf8 39. Rc5+ Kd3 40. f5 Rh8 41. Kg4 Rh1 42. f6 exf6 43. Rxf6 Rg1+ 44. Kh5 Re1 45. Kg6 Rg1+ 46. Kf7 Nd8+ 47. Kf8 Rh1 48. Ke7 Nc6+ 49. Rxc6 bxc6 50. Kd7 Kxc3 51. e7 Rh7 52. Kd8 Kxd4 53. e8=Q 1-0

[Event "4NCL Online Division 5"]
[Site "online"]
[Date "2021.03.09"]
[EventDate "2021.03.09"]
[Round "4.163"]
[White "Langley, Anthony M"]
[WhiteElo "1503"]
[WhiteTeam "Kent KJCA Kestrels E"]
[Black "Pert, Max"]
[BlackElo "1671"]
[BlackTeam "Brentwood B"]
[Result "0-1"]
[PlyCount "46"]

1. c4 e5 2. g3 Nc6 3. Bg2 Bc5 4. Nc3 d6 5. d3 f5 6. Nf3 Nf6 7. e3 O-O 8. d4 Bb6 9. O-O Qe8 10. d5 Ne7 11. Na4 Qh5 12. Nxb6 axb6 13. h4 Ng6 14. Nh2 Qh6 15. e4 f4 16. gxf4 Nxf4 17. Bxf4 Qxf4 18. a4 Nxe4 19. Bxe4 Qxe4 20. b3 Bh3 21. f3 Qg6+ 22. Ng4 Bxf1 23. Qxf1 h5 0-1

[Event "4NCL Online Division 5"]
[Site "online"]
[Date "2021.03.09"]
[EventDate "2021.03.09"]
[Round "4.164"]
[White "Willoughby, Charlotte"]
[WhiteElo "1667"]
[WhiteTeam "Brentwood B"]
[Black "Oprea, Danny"]
[BlackElo "1383"]
[BlackTeam "Kent KJCA Kestrels E"]
[Result "0-1"]
[PlyCount "94"]

1. d4 d5 2. c4 dxc4 3. e3 Nf6 4. Bxc4 e6 5. Nf3 Be7 6. O-O O-O 7. Nc3 b6 8. b3 Bb7 9. Bb2 Nbd7 10. Bd3 c5 11. Bc2 Rc8 12. Ng5 h6 13. Nge4 Nxe4 14. Bxe4 Bxe4 15. Nxe4 Nf6 16. Ng3 Bd6 17. Qf3 Bxg3 18. Qxg3 c4 19. bxc4 Rxc4 20. Qe5 Qd5 21. Qxd5 Nxd5 22. Rac1 Rfc8 23. Rxc4 Rxc4 24. Rc1 Rxc1+ 25. Bxc1 Nc3 26. Bd2 Nxa2 27. Kf1 a5 28. Ke2 Kf8 29. Kd3 Ke7 30. Kc4 Kd6 31. Kb3 Nb4 32. Bxb4+ axb4 33. Kxb4 Kc6 34. Kc4 b5+ 35. Kb4 h5 36. g3 f6 37. e4 g5 38. h3 g4 39. hxg4 hxg4 40. Ka5 f5 41. d5+ exd5 42. exf5 d4 43. f6 Kd6 44. Kxb5 d3 45. Kc4 d2 46. f7 Ke7 47. Kc3 d1=Q 0-1

[Event "4NCL Online Division 5"]
[Site "online"]
[Date "2021.03.23"]
[EventDate "2021.03.23"]
[Round "5.11"]
[White "George, Seb"]
[WhiteElo "1301"]
[WhiteTeam "Watford Juniors B"]
[Black "White, David"]
[BlackElo "1775"]
[BlackTeam "Welwyn Hatfield"]
[Result "0-1"]
[PlyCount "92"]

1. e4 Nf6 2. Nc3 d5 3. e5 Nfd7 4. d4 e6 5. f4 c5 6. Nf3 Nc6 7. dxc5 Bxc5 8. g4 Qb6 9. Na4 Qb4+ 10. c3 Qe4+ 11. Be2 Be7 12. b3 b5 13. Nb2 Bc5 14. Qd3 Qxd3 15. Nxd3 Bb6 16. Ba3 Bb7 17. Bd6 f6 18. b4 d4 19. Rc1 dxc3 20. Nc5 Bxc5 21. bxc5 b4 22. a3 a5 23. Kf2 Ba6 24. axb4 Bxe2 25. Kxe2 axb4 26. Ra1 Kf7 27. Kd3 Na5 28. Ra4 Nc6 29. Rha1 Rxa4 30. Rxa4 Rc8 31. Nd4 fxe5 32. Nxc6 Rxc6 33. Ra7 Ke8 34. fxe5 Nxc5+ 35. Bxc5 Rxc5 36. Ra8+ Kf7 37. Rb8 c2 38. Rb7+ Kg6 39. h4 c1=Q 40. h5+ Kh6 41. g5+ Kxh5 42. Rxb4 Rd5+ 43. Rd4 Qd1+ 44. Kc3 Qxd4+ 45. Kb3 Rb5+ 46. Kc2 Rb2+ 0-1

[Event "4NCL Online Division 5"]
[Site "online"]
[Date "2021.03.23"]
[EventDate "2021.03.23"]
[Round "5.12"]
[White "Smith, Andrew PE"]
[WhiteElo "1727"]
[WhiteTeam "Welwyn Hatfield"]
[Black "Chan, Daniel"]
[BlackElo "1362"]
[BlackTeam "Watford Juniors B"]
[Result "1-0"]
[PlyCount "61"]

1. e4 e5 2. Nf3 Nc6 3. d4 f6 4. dxe5 Nxe5 5. Nxe5 fxe5 6. Qh5+ g6 7. Qxe5+ Qe7 8. Qxh8 Qxe4+ 9. Be3 Qxc2 10. Qxg8 Qxb2 11. Bh6 d6 12. Qxf8+ Kd7 13. Qg7+ Qxg7 14. Bxg7 Kc6 15. Nc3 a6 16. Bd3 Be6 17. O-O Rg8 18. Bh6 b5 19. Rfe1 Bc4 20. Bxc4 bxc4 21. Re7 Rb8 22. Rb1 Rb6 23. Rxb6+ cxb6 24. Rxh7 Kc5 25. Be3+ Kb4 26. Nd5+ Ka5 27. Rb7 b5 28. Rb6 g5 29. Bd2+ b4 30. Bxb4+ Ka4 31. Nc3# 1-0

[Event "4NCL Online Division 5"]
[Site "online"]
[Date "2021.03.23"]
[EventDate "2021.03.23"]
[Round "5.13"]
[White "Bajpayee, Yayin"]
[WhiteElo "1095"]
[WhiteTeam "Watford Juniors B"]
[Black "Sims, Tony J"]
[BlackElo "1598"]
[BlackTeam "Welwyn Hatfield"]
[Result "0-1"]
[PlyCount "88"]

1. d4 Nf6 2. Bf4 g6 3. e3 Bg7 4. Nd2 Nh5 5. Be5 f6 6. Bg3 Nxg3 7. hxg3 d5 8. Ngf3 O-O 9. Bd3 Nc6 10. c3 e5 11. dxe5 fxe5 12. e4 Be6 13. Qc2 d4 14. cxd4 Nxd4 15. Nxd4 Qxd4 16. Rf1 c6 17. Bc4 Bxc4 18. Qxc4+ Qxc4 19. Nxc4 Rad8 20. Ke2 Rd4 21. Na3 Rxe4+ 22. Kd3 Rd4+ 23. Ke3 Rfd8 24. Rab1 Rd3+ 25. Ke2 Rd2+ 26. Kf3 h5 27. Rfe1 R8d3+ 28. Re3 Rxe3+ 29. Kxe3 Bh6+ 30. Ke4 Rxf2 31. Kxe5 Rxg2 32. Rd1 Rxb2 33. Rd7 Rxa2 34. Nc4 Rc2 35. Nd6 Bg7+ 36. Kf4 Rd2 37. Ke3 Rd5 38. Rxb7 Rxd6 39. Ke4 a5 40. Ra7 Bc3 41. Kf4 Rd5 42. g4 g5+ 43. Kg3 h4+ 44. Kh3 Rd3+ 0-1

[Event "4NCL Online Division 5"]
[Site "online"]
[Date "2021.03.23"]
[EventDate "2021.03.23"]
[Round "5.14"]
[White "Elder, Kidge"]
[WhiteElo "1542"]
[WhiteTeam "Welwyn Hatfield"]
[Black "Demyan, Leo"]
[BlackElo "1143"]
[BlackTeam "Watford Juniors B"]
[Result "1-0"]
[PlyCount "121"]

1. d4 d5 2. c4 e6 3. e3 Nf6 4. a3 Nc6 5. Nc3 Be7 6. Qc2 b6 7. b4 a5 8. b5 Na7 9. a4 O-O 10. Nf3 Bb7 11. cxd5 Bxd5 12. Nxd5 exd5 13. Bd3 g6 14. O-O Bd6 15. Ba3 Qe7 16. Bxd6 Qxd6 17. Ne5 Nh5 18. f4 Ng7 19. Rfc1 Rac8 20. Qb3 Qe6 21. Be2 h5 22. Bf3 Rfd8 23. Rc3 Nf5 24. g3 Kg7 25. Rac1 Qd6 26. Kf2 Qb4 27. Qxb4 axb4 28. Rxc7 Rf8 29. Rxc8 Rxc8 30. Rxc8 Nxc8 31. Bxd5 f6 32. Nc6 Nce7 33. Nxe7 Nxe7 34. Bb3 Nf5 35. Kf3 Kf8 36. Ke4 Ke7 37. Kd3 Nd6 38. e4 f5 39. e5 Nb7 40. Kc4 Na5+ 41. Kxb4 Nxb3 42. Kxb3 Ke6 43. Kc4 Ke7 44. Kd5 Kd7 45. e6+ Ke7 46. Ke5 Ke8 47. d5 Ke7 48. d6+ Kd8 49. Kf6 Ke8 50. Kxg6 Kf8 51. Kxf5 Kg7 52. Kg5 Kf8 53. Kxh5 Kg7 54. f5 Kf6 55. g4 Kg7 56. d7 Kf6 57. h4 Kg7 58. g5 Kh7 59. d8=Q Kg7 60. f6+ Kh7 61. g6# 1-0

[Event "4NCL Online Division 5"]
[Site "online"]
[Date "2021.03.23"]
[EventDate "2021.03.23"]
[Round "5.21"]
[White "Povah, Nigel E"]
[WhiteTitle "IM"]
[WhiteElo "2280"]
[WhiteTeam "Guildford Castles 1"]
[Black "Walker, David N"]
[BlackElo "1946"]
[BlackTeam "Harborough Cuatro 1"]
[Result "1-0"]
[PlyCount "63"]

1. d4 e6 2. Bf4 c5 3. e3 Qb6 4. b3 cxd4 5. exd4 Nf6 6. Nf3 Nc6 7. c3 Be7 8. Bd3 O-O 9. O-O d6 10. Re1 Bd7 11. a3 Rfc8 12. c4 d5 13. c5 Qd8 14. b4 a6 15. Nc3 Na7 16. a4 b5 17. Qe2 g6 18. h3 Nh5 19. Bh2 Bf6 20. g4 Ng7 21. axb5 axb5 22. Nxb5 Nc6 23. Qb2 Rxa1 24. Rxa1 Ra8 25. Rxa8 Qxa8 26. Be5 Qa4 27. Bxf6 Qd1+ 28. Kg2 Qxd3 29. Nd6 e5 30. Bxg7 Kxg7 31. dxe5 Nd8 32. e6+ 1-0

[Event "4NCL Online Division 5"]
[Site "online"]
[Date "2021.03.23"]
[EventDate "2021.03.23"]
[Round "5.22"]
[White "Redding, Jonathan"]
[WhiteElo "1854"]
[WhiteTeam "Harborough Cuatro 1"]
[Black "Punnett, Alan K"]
[BlackElo "2096"]
[BlackTeam "Guildford Castles 1"]
[Result "0-1"]
[PlyCount "120"]

1. d4 Nf6 2. Bf4 d5 3. e3 e6 4. Nd2 Bd6 5. Bg3 O-O 6. Ngf3 c5 7. c3 b6 8. Bd3 Ba6 9. Bc2 cxd4 10. exd4 Nc6 11. Ne5 Ne7 12. h4 Nf5 13. Bf4 Bxe5 14. Bxe5 Nd7 15. Qf3 Nxe5 16. dxe5 Qc7 17. g4 Qxe5+ 18. Kd1 Ne7 19. Qe3 Qxe3 20. fxe3 Rac8 21. Nf3 Nc6 22. Kd2 Rfd8 23. Rad1 Na5 24. b3 Rc7 25. Ne5 f6 26. Nf3 Rdc8 27. Rc1 e5 28. g5 Nb7 29. h5 Nd6 30. h6 Ne4+ 31. Ke1 Rxc3 32. Rh2 Rxe3+ 33. Kd1 Rxf3 34. Bxe4 Rxc1+ 35. Kxc1 dxe4 36. hxg7 Kxg7 37. gxf6+ Rxf6 38. Kd2 Bd3 39. a3 Rf5 40. b4 h5 41. Rg2+ Kf6 42. Rh2 Ke6 43. Ke3 Kd5 44. Kd2 Kc4 45. Rg2 h4 46. Rg7 Rh5 47. Rxa7 h3 48. Rc7+ Kb5 49. Kc3 Be2 50. Ra7 h2 51. a4+ Kc6 52. b5+ Kd6 53. Ra6 h1=Q 54. Rxb6+ Kd5 55. Rc6 Qe1+ 56. Kb3 Rh3+ 57. Kb2 Qb4+ 58. Kc1 Rh1+ 59. Kc2 Bd1+ 60. Kc1 Bxa4# 0-1

[Event "4NCL Online Division 5"]
[Site "online"]
[Date "2021.03.23"]
[EventDate "2021.03.23"]
[Round "5.23"]
[White "Young, Craig A"]
[WhiteElo "2049"]
[WhiteTeam "Guildford Castles 1"]
[Black "Waterfield, Mark"]
[BlackElo "1711"]
[BlackTeam "Harborough Cuatro 1"]
[Result "1-0"]
[PlyCount "45"]

1. d4 d5 2. c4 e6 3. Nc3 Nf6 4. Bf4 Be7 5. e3 O-O 6. Bd3 c6 7. h3 Nbd7 8. Nf3 a6 9. c5 b6 10. b4 a5 11. a3 Ba6 12. O-O Bxd3 13. Qxd3 axb4 14. axb4 bxc5 15. bxc5 Ne8 16. Ra6 Rxa6 17. Qxa6 e5 18. Nxe5 Nxe5 19. Bxe5 Qd7 20. Rb1 Nc7 21. Qa7 Rc8 22. Rb7 Bd8 23. Na4 1-0

[Event "4NCL Online Division 5"]
[Site "online"]
[Date "2021.03.23"]
[EventDate "2021.03.23"]
[Round "5.24"]
[White "Garland, Michael A jnr"]
[WhiteElo "1692"]
[WhiteTeam "Harborough Cuatro 1"]
[Black "White, Nigel"]
[BlackElo "2084"]
[BlackTeam "Guildford Castles 1"]
[Result "1/2-1/2"]
[PlyCount "110"]

1. e4 c5 2. Nf3 d6 3. d4 cxd4 4. Qxd4 Nc6 5. Bb5 Bd7 6. Bxc6 bxc6 7. O-O e5 8. Nxe5 dxe5 9. Qxe5+ Qe7 10. Qd4 Qc5 11. Qd3 Nf6 12. Nc3 Rd8 13. Be3 Qa5 14. Rad1 Be7 15. Qd4 Bb4 16. e5 Bxc3 17. bxc3 Nd5 18. e6 O-O 19. exd7 Rxd7 20. c4 Nxe3 21. Qxd7 Nxd1 22. Rxd1 Qxa2 23. Qxc6 Qxc2 24. Ra1 Qc3 25. Qa6 g6 26. h3 Re8 27. Qxa7 Qxc4 28. Qa4 Re1+ 29. Kh2 Qc7+ 30. g3 Re2 31. Qa8+ Kg7 32. Qf3 Rc2 33. Kg2 h5 34. Rb1 Qc6 35. Rb7 Qxf3+ 36. Kxf3 Rc3+ 37. Kg2 Rc2 38. Kf3 Rc3+ 39. Kg2 Rc2 40. Rd7 Ra2 41. h4 Kf6 42. Kf3 Ra3+ 43. Ke2 Ra2+ 44. Rd2 Ra3 45. Rd3 Ra2+ 46. Ke3 Ke5 47. f4+ Kf5 48. Kf3 Ra5 49. Re3 Kf6 50. g4 hxg4+ 51. Kxg4 Ra4 52. Rd3 Ra5 53. Rd6+ Kg7 54. Rc6 Rb5 55. Rd6 Ra5 1/2-1/2

[Event "4NCL Online Division 5"]
[Site "online"]
[Date "2021.03.23"]
[EventDate "2021.03.23"]
[Round "5.31"]
[White "Price, Michael C"]
[WhiteElo "1739"]
[WhiteTeam "Uxbridge Bulldogs"]
[Black "Kumar, Sanjit S"]
[BlackElo "1696"]
[BlackTeam "KCJS 1"]
[Result "0-1"]
[PlyCount "106"]

1. e4 e5 2. Nf3 Nc6 3. Bb5 a6 4. Ba4 Nf6 5. O-O Be7 6. Re1 b5 7. Bb3 d6 8. h3 Na5 9. d4 Nxb3 10. axb3 exd4 11. Nxd4 O-O 12. c4 bxc4 13. bxc4 Bb7 14. Nc3 Qd7 15. b4 Rfe8 16. Qf3 Bf8 17. Bg5 Be7 18. Rad1 a5 19. b5 h6 20. Bxf6 Bxf6 21. Nd5 Bxd4 22. Rxd4 Bxd5 23. Rxd5 a4 24. Rd3 Qe6 25. Rc3 f5 26. Rce3 Qxc4 27. exf5 Rf8 28. Rc3 Qxb5 29. Rxc7 Qxf5 30. Qg3 Qf6 31. Re6 Qg5 32. Qxd6 Rad8 33. Qb4 Qf5 34. Qe1 Rd1 35. Qxd1 Qxe6 36. Rc2 a3 37. Qa1 Qb3 38. Rc7 Rf7 39. Rc8+ Kh7 40. Ra8 Qb6 41. Qa2 Ra7 42. Qg8+ Kg6 43. Qe8+ Kf6 44. Qf8+ Kg6 45. g4 Qb1+ 46. Kh2 Rxa8 47. Qxa8 a2 48. h4 a1=Q 49. Qh8 Qe5+ 50. Kg2 Qee4+ 51. f3 Qbc2+ 52. Kg3 Qe5+ 53. f4 Qe3# 0-1

[Event "4NCL Online Division 5"]
[Site "online"]
[Date "2021.03.23"]
[EventDate "2021.03.23"]
[Round "5.32"]
[White "Subin, Samvrit"]
[WhiteElo "1680"]
[WhiteTeam "KCJS 1"]
[Black "Knight, David"]
[BlackElo "1671"]
[BlackTeam "Uxbridge Bulldogs"]
[Result "0-1"]
[PlyCount "43"]

1. e4 e6 2. Nf3 d5 3. Nc3 Nf6 4. e5 Nfd7 5. d4 c5 6. Bg5 Qb6 7. dxc5 Bxc5 8. Qd2 Bb4 9. Be2 Nc6 10. Bf4 d4 11. Nxd4 Qxd4 12. Qxd4 Nxd4 13. Kd1 Bxc3 14. bxc3 Nxe2 15. Kxe2 O-O 16. Rad1 Nc5 17. Rd6 b6 18. f3 Ba6+ 19. Kf2 Na4 20. Rd4 Nxc3 21. Bd2 Rfc8 22. Rg4 0-1

[Event "4NCL Online Division 5"]
[Site "online"]
[Date "2021.03.23"]
[EventDate "2021.03.23"]
[Round "5.33"]
[White "Knight, Daniel"]
[WhiteElo "1663"]
[WhiteTeam "Uxbridge Bulldogs"]
[Black "Hill-Wood, T Wilfred D"]
[BlackElo "1663"]
[BlackTeam "KCJS 1"]
[Result "1-0"]
[PlyCount "81"]

1. d4 Nf6 2. Bg5 e6 3. e3 d5 4. Nf3 Bd6 5. c4 c6 6. Nc3 O-O 7. a3 h6 8. Bh4 Nbd7 9. Rc1 Qc7 10. c5 Be7 11. Bg3 Qd8 12. Bd3 b6 13. b4 a5 14. O-O bxc5 15. bxc5 Ba6 16. a4 Ne4 17. Bxa6 Nxg3 18. hxg3 Rxa6 19. Qd3 Ra8 20. Rb1 Qc7 21. Rb3 Bxc5 22. Rfb1 Bb4 23. Qc2 c5 24. Nb5 Qb6 25. dxc5 Nxc5 26. Rxb4 axb4 27. Rxb4 Rxa4 28. Rxa4 Nxa4 29. Qxa4 Rb8 30. Nbd4 e5 31. Nxe5 Qb1+ 32. Kh2 Qc1 33. Qa7 Rb1 34. Qxf7+ Kh7 35. g4 Qh1+ 36. Kg3 Rg1 37. Qf5+ Kg8 38. Qf3 Rf1 39. Ne6 h5 40. Qf8+ Kh7 41. Qxg7# 1-0

[Event "4NCL Online Division 5"]
[Site "online"]
[Date "2021.03.23"]
[EventDate "2021.03.23"]
[Round "5.34"]
[White "Soulier, Alfred"]
[WhiteElo "1624"]
[WhiteTeam "KCJS 1"]
[Black "Sagade, Nivedita"]
[BlackElo "1600"]
[BlackTeam "Uxbridge Bulldogs"]
[Result "0-1"]
[PlyCount "86"]

1. d4 d5 2. c4 e6 3. Nc3 Nf6 4. Bg5 Be7 5. Nf3 h6 6. Bf4 O-O 7. e3 Nbd7 8. Qc2 c5 9. cxd5 exd5 10. O-O-O c4 11. g4 Nb6 12. g5 hxg5 13. Nxg5 g6 14. h4 Bf5 15. Qd2 Bb4 16. a3 Ba5 17. Be2 Na4 18. Rdg1 Qb6 19. Kd1 Nxc3+ 20. bxc3 Qb3+ 21. Ke1 Bxc3 22. h5 Bxd2+ 23. Kxd2 c3+ 24. Ke1 Qb1+ 25. Bd1 c2 26. Ke2 cxd1=Q+ 27. Rxd1 Qb5+ 28. Kf3 Bg4+ 29. Kg3 Bxh5 30. Be5 Ne4+ 31. Nxe4 dxe4 32. Rxh5 gxh5 33. Rg1 Kh7 34. Rh1 Kg6 35. Kf4 f6 36. Rg1+ Kh6 37. Bd6 Rg8 38. Rg3 Rxg3 39. Kxg3 Rg8+ 40. Kh3 Qf5+ 41. Kh2 Qxf2+ 42. Kh3 Qg2+ 43. Kh4 Qg4# 0-1

[Event "4NCL Online Division 5"]
[Site "online"]
[Date "2021.03.23"]
[EventDate "2021.03.23"]
[Round "5.41"]
[White "Murphy, Conor E"]
[WhiteTitle "FM"]
[WhiteElo "2396"]
[WhiteTeam "Charlton Cobras A"]
[Black "Liu, Jason"]
[BlackElo "1361"]
[BlackTeam "BCC Penguins"]
[Result "1-0"]
[PlyCount "53"]

1. e4 b6 2. d4 Bb7 3. Nc3 e6 4. Nf3 Bb4 5. Bd3 Nf6 6. e5 Ne4 7. O-O Nxc3 8. bxc3 Bxc3 9. Bg5 Qc8 10. Rb1 Nc6 11. Be3 h6 12. Rb3 Bb4 13. c4 Be7 14. d5 exd5 15. cxd5 Na5 16. Rc3 Bxd5 17. Nd4 Nc6 18. Nf5 Bf8 19. Bb5 Be6 20. Qf3 g6 21. Rxc6 Bxf5 22. Rxc7 Qxc7 23. Qxa8+ Qd8 24. Qxa7 Be7 25. Bxb6 Qc8 26. Ba6 Qxa6 27. Qb8+ 1-0

[Event "4NCL Online Division 5"]
[Site "online"]
[Date "2021.03.23"]
[EventDate "2021.03.23"]
[Round "5.42"]
[White "Liu, Benjamin"]
[WhiteElo "896"]
[WhiteTeam "BCC Penguins"]
[Black "Stebbings, Anthony J"]
[BlackTitle "FM"]
[BlackElo "2240"]
[BlackTeam "Charlton Cobras A"]
[Result "0-1"]
[PlyCount "62"]

1. d4 Nf6 2. c4 e6 3. Nc3 Bb4 4. Bg5 c5 5. e3 Qa5 6. Qd2 Ne4 7. Qc2 Nxc3 8. bxc3 Bxc3+ 9. Kd1 Bxa1 10. Ne2 cxd4 11. exd4 Qxg5 12. Qb1 Bxd4 13. Nxd4 O-O 14. Nf3 Qc5 15. Bd3 f5 16. Ke1 Nc6 17. Qb2 Qb4+ 18. Qxb4 Nxb4 19. Be2 b6 20. h4 Bb7 21. Ne5 d6 22. Nf3 Rac8 23. h5 Bxf3 24. Bxf3 Rxc4 25. Ke2 f4 26. h6 Rc2+ 27. Ke1 Nd3+ 28. Kd1 Rfc8 29. Rh2 Rxf2 30. Bc6 Rxc6 31. hxg7 Rc1# 0-1

[Event "4NCL Online Division 5"]
[Site "online"]
[Date "2021.03.23"]
[EventDate "2021.03.23"]
[Round "5.43"]
[White "Mayer, Daniel H"]
[WhiteElo "2001"]
[WhiteTeam "Charlton Cobras A"]
[Black "Bell, Euan"]
[BlackElo "673"]
[BlackTeam "BCC Penguins"]
[Result "1-0"]
[PlyCount "65"]

1. e4 e5 2. Nf3 d6 3. d4 Nc6 4. Bb5 Qe7 5. O-O a6 6. Ba4 Nf6 7. Re1 g6 8. c3 Bg7 9. h3 O-O 10. Bg5 Bd7 11. Nbd2 b5 12. Bb3 Na5 13. Bc2 Nc4 14. b3 Nb6 15. Nf1 h6 16. Bd2 Bc6 17. Ng3 Nh5 18. Nxh5 gxh5 19. d5 Bd7 20. Nh2 h4 21. Qh5 Qf6 22. Nf3 Nc8 23. Nxh4 Ne7 24. Re3 Qf4 25. Rd1 Kh7 26. Rf3 Qxf3 27. Nxf3 Ng6 28. Nh4 Rg8 29. Nf5 Bxf5 30. exf5 Nh8 31. f6+ Ng6 32. fxg7 Rxg7 33. Bxh6 1-0

[Event "4NCL Online Division 5"]
[Site "online"]
[Date "2021.03.23"]
[EventDate "2021.03.23"]
[Round "5.44"]
[White "Florczak, Adam"]
[WhiteElo "720"]
[WhiteTeam "BCC Penguins"]
[Black "Jakhria, Kushal"]
[BlackElo "1723"]
[BlackTeam "Charlton Cobras A"]
[Result "0-1"]
[PlyCount "100"]

1. e4 c5 2. Nc3 Nc6 3. Nf3 Nf6 4. Bc4 e6 5. O-O Nxe4 6. Nxe4 d5 7. Neg5 dxc4 8. d3 cxd3 9. cxd3 b6 10. a4 Be7 11. Qc2 Ba6 12. Rd1 Nb4 13. Qd2 Bxd3 14. Qf4 O-O 15. Ne5 Bxg5 16. Qxg5 Qxg5 17. Bxg5 Bc2 18. Rd7 f6 19. Bxf6 Rxf6 20. Ng4 Rf7 21. Ne5 Rxd7 22. Nxd7 Nc6 23. Rc1 Bxa4 24. Rc4 Bb5 25. Rf4 Rd8 26. h3 Rxd7 27. Re4 Kf7 28. Rf4+ Ke7 29. Rg4 g6 30. Rh4 Kd8 31. Rf4 Kc7 32. Rf8 a5 33. g3 Nd4 34. Ra8 Nf3+ 35. Kg2 Bc6 36. Ra7+ Kd6 37. Rxd7+ Kxd7 38. Kf1 Kd6 39. Ke2 Kd5 40. Kxf3 Kc4+ 41. Ke2 Kb3 42. Kd1 Kxb2 43. Kd2 a4 44. Kd3 a3 45. f4 a2 46. g4 a1=Q 47. f5 exf5 48. gxf5 gxf5 49. h4 Qe1 50. Kc4 Qe4# 0-1

[Event "4NCL Online Division 5"]
[Site "online"]
[Date "2021.03.23"]
[EventDate "2021.03.23"]
[Round "5.51"]
[White "Foale, Ron"]
[WhiteElo "1511"]
[WhiteTeam "Uxbridge Cyclones"]
[Black "Shah, Prem C"]
[BlackElo "1075"]
[BlackTeam "Watford Juniors C"]
[Result "1-0"]
[PlyCount "63"]

1. e4 c6 2. d4 d5 3. Nc3 dxe4 4. Nxe4 Bf5 5. Ng3 e6 6. Nxf5 exf5 7. Nf3 c5 8. Be3 Nc6 9. c3 Nf6 10. Bc4 Bd6 11. dxc5 Be5 12. Bd4 Bxd4 13. cxd4 O-O 14. O-O Re8 15. a3 Qc7 16. Qc2 Qf4 17. Rad1 Rad8 18. d5 Ne5 19. Nxe5 Rxe5 20. Qb3 Ng4 21. g3 Qh6 22. h4 f4 23. Rd3 Rde8 24. d6 Kh8 25. d7 R8e7 26. d8=Q+ Re8 27. Bxf7 Qc6 28. Bxe8 Rxe8 29. Qf7 Nf6 30. Qd6 Qc8 31. Qdc7 h6 32. Qxg7# 1-0

[Event "4NCL Online Division 5"]
[Site "online"]
[Date "2021.03.23"]
[EventDate "2021.03.23"]
[Round "5.53"]
[White "Nandi, Asoke K"]
[WhiteElo "1481"]
[WhiteTeam "Uxbridge Cyclones"]
[Black "Sriram, Gautam"]
[BlackElo "658"]
[BlackTeam "Watford Juniors C"]
[Result "1-0"]
[PlyCount "79"]

1. e4 e5 2. Nf3 Nc6 3. d4 f6 4. c3 Bd6 5. d5 Nce7 6. Bd3 c6 7. c4 cxd5 8. cxd5 Ng6 9. O-O N8e7 10. Nc3 O-O 11. Be3 b6 12. Qc2 Bb7 13. Rac1 Bc7 14. a3 d6 15. g3 Bc8 16. Rfe1 Bg4 17. Be2 Bxf3 18. Bxf3 Re8 19. Nd1 Rc8 20. Qb1 a5 21. Bd2 b5 22. b4 axb4 23. Bxb4 Ba5 24. Ne3 Rxc1 25. Rxc1 Bxb4 26. Qxb4 Qb8 27. Be2 Rc8 28. Rxc8+ Nxc8 29. Bxb5 Na7 30. a4 Ne7 31. Nc4 Nec8 32. Kg2 g5 33. Qa5 h6 34. Qd8+ Kg7 35. Qd7+ Kg6 36. Qe8+ Kg7 37. Ne3 Nxb5 38. Nf5+ Kh7 39. Qf7+ Kh8 40. Qg7# 1-0

[Event "4NCL Online Division 5"]
[Site "online"]
[Date "2021.03.23"]
[EventDate "2021.03.23"]
[Round "5.54"]
[White "Naren, Riyanna"]
[WhiteElo "630"]
[WhiteTeam "Watford Juniors C"]
[Black "Selvaduarai, Karthisamy"]
[BlackElo "1548"]
[BlackTeam "Uxbridge Cyclones"]
[Result "0-1"]
[PlyCount "64"]

1. e4 e6 2. Nc3 b6 3. Nf3 Bb7 4. Bc4 Nf6 5. d3 Bb4 6. Bf4 Bxc3+ 7. bxc3 O-O 8. O-O d6 9. Bg5 Nbd7 10. Re1 Qc8 11. Rb1 h6 12. Bf4 e5 13. Be3 Ng4 14. Bd2 Qd8 15. Rf1 Nc5 16. d4 exd4 17. a3 dxc3 18. Bc1 Nxe4 19. Re1 Nexf2 20. Qe2 Ne4 21. Rf1 Ngf6 22. Bd3 Qd7 23. Ra1 Rae8 24. Re1 Ng3 25. Qe3 Rxe3 26. Rxe3 Nf5 27. Re1 Bxf3 28. gxf3 Nd4 29. Rb1 Nxf3+ 30. Kh1 Nxe1 31. Ra1 Qc6+ 32. Kg1 Qg2# 0-1